A Link stability based routing metric AQDV (Record no. 12251)
[ view plain ]
| 000 -LEADER | |
|---|---|
| fixed length control field | 00404nam a2200133 4500 |
| 082 ## - DEWEY DECIMAL CLASSIFICATION NUMBER | |
| Classification number | MS-CSE-2 SYE |
| 100 ## - MAIN ENTRY--PERSONAL NAME | |
| Personal name | Syed Tariq Ali Shams |
| 245 ## - TITLE STATEMENT | |
| Title | A Link stability based routing metric AQDV |
| 260 ## - PUBLICATION, DISTRIBUTION, ETC. | |
| Place of publication, distribution, etc. | Islamabad |
| Name of publisher, distributor, etc. | Nust School of Electrical Engineering and Computer Science |
| 300 ## - PHYSICAL DESCRIPTION | |
| Extent | 68 P |
| Accompanying material | CD-ROM |
| 500 ## - GENERAL NOTE | |
| General note | Supervisor; Dr.Adnan Khalid Kiani |
| 700 ## - ADDED ENTRY--PERSONAL NAME | |
| Personal name | Syed Tariq Ali Shams |
| 942 ## - ADDED ENTRY ELEMENTS (KOHA) | |
| Koha item type | Project Report |
| Withdrawn status | Lost status | Damaged status | Not for loan | Collection code | Permanent Location | Current Location | Shelving location | Date acquired | Total Checkouts | Full call number | Barcode | Date last seen | Price effective from | Koha item type |
|---|---|---|---|---|---|---|---|---|---|---|---|---|---|---|
| Central Library (CL) | Central Library (CL) | General Stacks | 12/17/2013 | MS-CSE-2 SYE | SEECSP012316 | 12/17/2013 | 12/17/2013 | Project Report |
